000
00264nam a22001097a 4500
040
_c
SK
082
_a
581
100
_a
NA
245
_a
Animal waste management; គ្រប់គ្រងកាកសំណល់សត្វ
260
_a
NA
_b
NA
_c
NA
942
_c
EK
999
_c
10356
_d
10356